Tableaux simples et á mouvement pour les appareils portés au tarif 64 : (Record no. 158534)

MARC details
000 -LEADER
campo de control de longitud fija 00706nam a22001935i 4500
001 - NÚMERO DE CONTROL
campo de control 158534
003 - IDENTIFICADOR DE NÚMERO DE CONTROL
campo de control ES-MaACL
005 - FECHA Y HORA DE LA ÚLTIMA TRANSACCIÓN
campo de control 20260304173615.0
008 - DATOS DE LONGITUD FIJA--INFORMACIÓN GENERAL
campo de control de longitud fija 040914q1890 fr |||| | fre d
080 ## - NÚMERO DE LA CLASIFICACIÓN DECIMAL UNIVERSAL
Número de la Clasificación Decimal Universal 771.3
245 00 - MENCIÓN DEL TÍTULO
Título Tableaux simples et á mouvement pour les appareils portés au tarif 64 :
Resto del título catalogue nº 41.
250 ## - MENCION DE EDICION
Mención de edición 3e éd.
260 ## - PUBLICACIÓN, DISTRIBUCIÓN, ETC.
Lugar de publicación, distribución, etc. Paris :
Nombre del editor, distribuidor, etc. Maison Molteni,
Fecha de publicación, distribución, etc. [ca. 1890] (
Lugar de fabricación/manufactura Tours :
Fabricante Imp. Deslis frères)
300 ## - DESCRIPCIÓN FÍSICA
Extensión 28 p. :
Otras características físicas il. ;
Dimensiones 23 cm.
650 #4 - PUNTO DE ACCESO ADICIONAL DE MATERIA--TÉRMINO DE MATERIA
Término de materia o nombre geográfico como elemento de entrada Fotografía-
Subdivisión general Material y equipo
9 (RLIN) 12958
700 1# - ENTRADA AGREGADA--NOMBRE PERSONAL
Nombre de persona Molteni, Alfred,
Fechas asociadas al nombre 1837-1907
9 (RLIN) 174737
852 4# - LOCALIZACIÓN
Ubicación ES-MaACL
Número de control de estantería T-1103-F-6
Nota libre - Enc. hol.
-- - Enc. en un vol. facticio
Holdings
Estatus retirado Estado de pérdida Estado de daño No para préstamo Colección Biblioteca de origen Biblioteca actual Ubicación en estantería Fecha de adquisición Total de préstamos Signatura topográfica completa Código de barras Visto por última vez Precio de reemplazo Tipo de ítem Koha
        Colección de folletos Biblioteca del Ateneo de Madrid Biblioteca del Ateneo de Madrid Depósito folletos 17/01/2008   T-1103-F-6 1165932 23/02/2023 23/02/2023 Folleto